000
00294nam a22001337a 4500
008
181016b xxu||||| |||| 00| 0 eng d
020
_a
0721638600
041
_a
eng
080
_a
617
100
_a
8
101
_a
OFT
245
_a
Current Ocular Therapy
_c
Fraunfelder,F.T
942
_2
udc
_c
BK
999
_c
49810
_d
49810